00543nam a2200145Ia 4500008004100000082001500041100001800056245004300074260002800117300003800145600002600183942000700209952016400216999001700380250826s9999 xx 000 0 und d a621.31 AKH aAkhtar, Fahim 0aElectrical Essential Network:bELT-114 bTehami Art Press,c2013 axxi, 210p.bincludes illustration aElectrical Technology cGB 00104070aUITUbUITUcGIFd2025-08-26eGifted by Abdul Mannan Ansaril0o621.31 AKHpG360r2025-08-26 13:20:59w2025-08-26yGBzGifted by Abdul Mannan Ansari c31528d31528